[Event "Luxembourg-chT 1314"]
[Site "Luxembourg"]
[Date "2014.02.09"]
[Round "7"]
[White "Doison, Axel"]
[Black "Jadin, Yves"]
[Result "1-0"]
[WhiteElo "2034"]
[BlackElo "1831"]
[PlyCount "67"]
[EventDate "2013.10.05"]
[EventType "team-tourn"]
[EventRounds "10"]
[EventCountry "LUX"]
[SourceTitle "EXT 2017"]
[Source "ChessBase"]
[SourceDate "2016.10.25"]
[SourceVersion "1"]
[SourceVersionDate "2016.10.25"]
[SourceQuality "1"]

1. c4 c5 2. Nf3 Nf6 3. g3 Nc6 4. Bg2 g6 5. 0-0 Bg7 6. Nc3 d6 7. d4 cxd4 8. Nxd4 Nxd4 9. Qxd4 0-0 10. Qd2 Qc7 11. b3 Be6 12. Bb2 a6 13. Rac1 Rac8 14. Rfd1 Rfd8 15. Na4 Bd7 16. Qb4 Bxa4 17. Qxa4 Bh6 18. e3 Nd7 19. Qb4 Nc5 20. Qc3 e5 21. Rd5 Qe7 22. Rcd1 Rc7 23. Qd2 Rcd7 24. Ba3 b6 25. b4 Ne6 26. c5 Nd4 27. Qd3 Nb5 28. Bb2 bxc5 29. bxc5 Bg7 30. a4 e4 31. Qd2 Bxb2 32. axb5 Ba3 33. Bh3 f5 34. Qa2 1-0

[Event "Luxembourg-chT 1314"]
[Site "Luxembourg"]
[Date "2013.??.??"]
[Round "2"]
[White "Doison, Axel"]
[Black "Dany, Alexander"]
[Result "0-1"]
[WhiteElo "2034"]
[BlackElo "2045"]
[PlyCount "108"]
[EventDate "2013.10.05"]
[EventType "team-tourn"]
[EventRounds "10"]
[EventCountry "LUX"]
[SourceTitle "EXT 2017"]
[Source "ChessBase"]
[SourceDate "2016.10.25"]
[SourceVersion "1"]
[SourceVersionDate "2016.10.25"]
[SourceQuality "1"]

1. d4 d5 2. Nf3 Nf6 3. e3 Bf5 4. c3 e6 5. Qb3 b6 6. Ne5 c6 7. Nd2 Bd6 8. Be2 Bxe5 9. dxe5 Nfd7 10. f4 Nc5 11. Qd1 Nd3+ 12. Bxd3 Bxd3 13. Qf3 Nd7 14. b4 f5 15. Bb2 Qc7 16. Kf2 b5 17. Rhc1 Nb6 18. Kg1 0-0 19. Qf2 Be4 20. Nb3 Na4 21. Nd4 Rfe8 22. Ba3 a6 23. Qe2 Rac8 24. Nb3 Kh8 25. Kf2 g5 26. g3 Rg8 27. Nc5 Nxc5 28. bxc5 Rg6 29. Ke1 d4 30. Bb2 dxe3 31. fxg5 Rxg5 32. Qxe3 Rg4 33. c4 Bd5 34. cxd5 Re4 35. Qxe4 fxe4 36. dxe6 Re8 37. Rd1 Qa5+ 38. Ke2 Qb4 39. Bd4 Qc4+ 40. Ke3 Rf8 41. Kxe4 Qd5+ 42. Kd3 Rf3+ 43. Kc2 Qxe6 44. Kb2 Kg8 45. Rac1 b4 46. Ka1 Ra3 47. Rd2 b3 48. Rf1 Qc4 49. Rfd1 Qa4 50. Bb2 Rxa2+ 51. Kb1 Qe4+ 52. Kc1 Ra4 53. Rd8+ Kf7 54. Bc3 Qc2# 0-1

[Event "Luxembourg-chT 1213"]
[Site "Luxembourg"]
[Date "2012.11.10"]
[Round "2"]
[White "Kries, Yvon"]
[Black "Doison, Axel"]
[Result "1/2-1/2"]
[WhiteElo "1782"]
[BlackElo "2034"]
[PlyCount "79"]
[EventDate "2012.10.??"]
[EventType "team-tourn"]
[EventRounds "10"]
[EventCountry "LUX"]
[SourceTitle "EXT 2017"]
[Source "ChessBase"]
[SourceDate "2016.10.25"]
[SourceVersion "1"]
[SourceVersionDate "2016.10.25"]
[SourceQuality "1"]

1. d4 d5 2. c4 c6 3. Nf3 Nf6 4. g3 dxc4 5. Bg2 g6 6. 0-0 Bg7 7. Qc2 Bf5 8. Qxc4 0-0 9. Nc3 Nbd7 10. Bf4 Be6 11. Qd3 Nb6 12. b3 Nfd5 13. Rad1 Nxf4 14. gxf4 Nd5 15. Nxd5 cxd5 16. Rc1 Qa5 17. a4 Rfc8 18. e3 Qb4 19. Nh4 Bf6 20. f5 Bxh4 21. fxe6 fxe6 22. Bh3 Qd6 23. Qe2 Bf6 24. Rc2 Rxc2 25. Qxc2 e5 26. Qc5 exd4 27. Qxd6 exd6 28. exd4 Bxd4 29. Be6+ Kg7 30. Bxd5 Rb8 31. Kg2 b5 32. Re1 bxa4 33. bxa4 Rf8 34. Re7+ Kh6 35. f3 Rb8 36. Rd7 Bc5 37. Kg3 a5 38. Bc6 Rb2 39. h4 Bd4 40. Be4 1/2-1/2

[Event "Luxembourg-chT 1112"]
[Site "Luxembourg"]
[Date "2011.12.10"]
[Round "3"]
[White "Dany, Alexander"]
[Black "Doison, Axel"]
[Result "1/2-1/2"]
[WhiteElo "2043"]
[BlackElo "2034"]
[PlyCount "33"]
[EventDate "2011.10.??"]
[EventType "team-tourn"]
[EventRounds "10"]
[EventCountry "LUX"]
[SourceTitle "EXT 2017"]
[Source "ChessBase"]
[SourceDate "2016.10.25"]
[SourceVersion "1"]
[SourceVersionDate "2016.10.25"]
[SourceQuality "1"]

1. Nf3 Nf6 2. d4 d5 3. c4 e6 4. Nc3 Bb4 5. a3 Bxc3+ 6. bxc3 dxc4 7. Qa4+ Bd7 8. Qxc4 Bc6 9. Ne5 0-0 10. Nxc6 Nxc6 11. Bg5 Qd5 12. Qxd5 Nxd5 13. Bd2 Na5 14. e3 Nb3 15. Rb1 Nxd2 16. Kxd2 Rab8 17. Be2 1/2-1/2

[Event "EU-Cup 25th"]
[Site "Ohrid"]
[Date "2009.10.10"]
[Round "7.6"]
[White "Coene, Igor"]
[Black "Doison, Axel"]
[Result "1-0"]
[WhiteElo "2193"]
[BlackElo "2106"]
[PlyCount "72"]
[EventDate "2009.10.04"]
[EventType "team-swiss"]
[EventRounds "7"]
[EventCountry "MKD"]
[SourceTitle "CBM 133"]
[Source "ChessBase"]
[SourceDate "2009.11.19"]
[SourceVersion "1"]
[SourceVersionDate "2009.11.19"]
[SourceQuality "1"]
[WhiteTeam "Leiden LSG"]
[BlackTeam "Echternach Sprenger"]
[WhiteTeamCountry "NED"]
[BlackTeamCountry "LUX"]

1. d4 d5 2. Nf3 Nf6 3. c4 e6 4. Bg5 Be7 5. e3 0-0 6. Qc2 Nbd7 7. Nc3 c6 8. cxd5 exd5 9. Bd3 Re8 10. 0-0 Nf8 11. Bxf6 Bxf6 12. b4 a6 13. a4 Bg4 14. b5 Bxf3 15. gxf3 axb5 16. axb5 Qd6 17. bxc6 bxc6 18. Rxa8 Rxa8 19. Rc1 c5 20. Nb5 Qd7 21. Qxc5 Rd8 22. Qc7 Qh3 23. Qg3 Qe6 24. Ra1 Qe7 25. Ra6 Bh4 26. Qg4 Bf6 27. Qg2 g6 28. f4 Bg7 29. Qg5 f6 30. Qg4 Qb4 31. f5 Rb8 32. fxg6 hxg6 33. Qe2 Qe7 34. Qf3 Rd8 35. Nc3 Qb7 36. Nxd5 Ne6 1-0

[Event "EU-Cup 22nd"]
[Site "Fuegen"]
[Date "2006.10.12"]
[Round "5.4"]
[White "Doison, Axel"]
[Black "Stanford, Sheila Barth"]
[Result "0-1"]
[WhiteElo "2031"]
[BlackElo "2192"]
[PlyCount "88"]
[EventDate "2006.10.08"]
[EventType "team-swiss"]
[EventRounds "7"]
[EventCountry "AUT"]
[SourceTitle "CBM 115"]
[Source "ChessBase"]
[SourceDate "2006.11.15"]
[SourceVersion "1"]
[SourceVersionDate "2006.11.15"]
[SourceQuality "1"]
[WhiteTeam "Echternach Sprenger"]
[BlackTeam "Asker"]
[WhiteTeamCountry "LUX"]
[BlackTeamCountry "NOR"]

1. d4 d5 2. c4 c6 3. Nf3 Nf6 4. Nc3 dxc4 5. a4 Bf5 6. Ne5 Nbd7 7. Nxc4 Qc7 8. f3 e5 9. dxe5 Nxe5 10. Nxe5 Qxe5 11. e4 Bc5 12. Bc4 0-0 13. Qe2 Be6 14. Bxe6 Qxe6 15. Be3 Bxe3 16. Qxe3 Nd5 17. Nxd5 cxd5 18. 0-0 Rfe8 19. Rfe1 dxe4 20. fxe4 Qe5 21. Qf2 Re6 22. Rac1 b6 23. b3 Rae8 24. Rf1 Rf6 25. Qc2 Rxf1+ 26. Rxf1 Qxe4 27. Qxe4 Rxe4 28. Rc1 g6 29. Rc7 a5 30. Kf2 Kg7 31. Rc3 h5 32. Kf3 Rb4 33. Re3 f5 34. Rd3 Kf6 35. Rd6+ Kf7 36. Rd3 Ke6 37. Ke3 Ke5 38. Kf3 g5 39. Ke3 f4+ 40. Kf3 g4+ 41. Kf2 Rd4 42. Rc3 Rd2+ 43. Kf1 Rb2 44. h3 Kd4 0-1

[Event "EU-Cup 22nd"]
[Site "Fuegen"]
[Date "2006.10.11"]
[Round "4.4"]
[White "Doison, Axel"]
[Black "Trevelyan, John"]
[Result "1-0"]
[WhiteElo "2031"]
[BlackElo "2228"]
[PlyCount "67"]
[EventDate "2006.10.08"]
[EventType "team-swiss"]
[EventRounds "7"]
[EventCountry "AUT"]
[SourceTitle "CBM 115"]
[Source "ChessBase"]
[SourceDate "2006.11.15"]
[SourceVersion "1"]
[SourceVersionDate "2006.11.15"]
[SourceQuality "1"]
[WhiteTeam "Echternach Sprenger"]
[BlackTeam "Cardiff"]
[WhiteTeamCountry "LUX"]
[BlackTeamCountry "WLS"]

1. e4 c5 2. Nf3 Nc6 3. d4 cxd4 4. Nxd4 Nf6 5. Nc3 e5 6. Ndb5 d6 7. Bg5 a6 8. Na3 b5 9. Bxf6 gxf6 10. Nd5 f5 11. c3 Bg7 12. exf5 Bxf5 13. Nc2 0-0 14. Nce3 Be6 15. Bd3 f5 16. 0-0 Kh8 17. Qh5 e4 18. Bc2 Ne7 19. Nf4 Qd7 20. Nxe6 Qxe6 21. f3 d5 22. Rae1 Qg6 23. Qh4 Rae8 24. fxe4 dxe4 25. Kh1 b4 26. Ba4 Bf6 27. Bxe8 Bxh4 28. Bxg6 Bxe1 29. Bxf5 Nxf5 30. Nxf5 bxc3 31. Rxe1 Rxf5 32. bxc3 Rf2 33. h3 Rxa2 34. Rxe4 1-0

[Event "EU-Cup 22nd"]
[Site "Fuegen"]
[Date "2006.10.09"]
[Round "2.4"]
[White "Doison, Axel"]
[Black "Bergez, Luc"]
[Result "0-1"]
[WhiteElo "2031"]
[BlackElo "2395"]
[PlyCount "85"]
[EventDate "2006.10.08"]
[EventType "team-swiss"]
[EventRounds "7"]
[EventCountry "AUT"]
[SourceTitle "CBM 115"]
[Source "ChessBase"]
[SourceDate "2006.11.15"]
[SourceVersion "1"]
[SourceVersionDate "2006.11.15"]
[SourceQuality "1"]
[WhiteTeam "Echternach Sprenger"]
[BlackTeam "Charleroi CREC"]
[WhiteTeamCountry "LUX"]
[BlackTeamCountry "BEL"]

1. d4 c5 2. d5 e6 3. c4 exd5 4. cxd5 d6 5. Nc3 Be7 6. Nf3 a6 7. a4 Bf6 8. e4 Ne7 9. Be2 Ng6 10. 0-0 0-0 11. Be3 Re8 12. Nd2 Nd7 13. f4 Bd4 14. Bxd4 cxd4 15. Na2 Nc5 16. Qc2 Bd7 17. Qc4 Nxe4 18. Qxd4 Qf6 19. Qb4 Nxf4 20. Nxe4 Nxe2+ 21. Kh1 Qh4 22. Nf6+ Qxf6 23. Rxf6 gxf6 24. Rf1 Rad8 25. b3 f5 26. Qxb7 Bc8 27. Qb6 f4 28. Nb4 Bf5 29. Nc6 Ra8 30. Qb4 Re3 31. Qxd6 Kg7 32. b4 Rae8 33. Qc5 Rc3 34. Qb6 Rd3 35. d6 Be4 36. Qc5 h6 37. Ne5 Rd5 38. Qc4 Rexe5 39. Qxe2 Bd3 40. Qb2 Bxf1 41. d7 f6 42. Qf2 Rxd7 43. Qxf4 0-1